[Event "Wijk op"]
[Site "Wijk aan Zee"]
[Date "1993.??.??"]
[Round "1"]
[White "Wolff, Patrick G"]
[Black "Rotstein, Arkadij"]
[Result "1-0"]
[WhiteElo "2580"]
[BlackElo "2465"]

1.e4 c5 2.Nf3 e6 3.c3 Nf6 4.e5 Nd5 5.d4 cxd4 6.cxd4 d6 7.Bc4 dxe5 8.dxe5 Bb4+
9.Bd2 Nc6 10.O-O Be7 11.Qe2 O-O 12.Nc3 Nxc3 13.Bxc3 b6 14.Nd2 Bb7 15.Ne4 Nd4
16.Qg4 h5 17.Qxh5 Bxe4 18.Rad1 Bc5 19.b4 Bg6 20.Qg4 Bf5 21.Qf4 Qc7 22.bxc5 bxc5
23.Bxd4 cxd4 24.Rxd4 Rfd8 25.Rd6 Rdc8 26.Bb3 Qc3 27.h3 a5 28.Rfd1 a4 29.Bxa4 Rc4
30.Qg5 Rf8 31.Bb3 Re4 32.Qd2 Qxd2 33.R1xd2 Rxe5 34.f3 g5 35.Kf2 Kg7 36.Rd8 Rxd8
37.Rxd8 Rc5 38.Rd2 Rc3 39.Ke2 Kf6 40.Rd7 Bb1 41.Kd2 Rc8 42.a4 Bg6 43.Rb7 Rd8+
44.Ke3 Bd3 45.a5 Ba6 46.Rb6 Bf1 47.Kf2 Bd3 48.Rb4 Ra8 49.Ra4 Rb8 50.Ra3 Ba6
51.Ke3 Ke5 52.Bc2 f5 53.Bd3 f4+ 54.Kd2 Rd8 55.Kc2 Bb7 56.a6 Bd5 57.Ra4 Rc8+
58.Kd2 Kd6 59.Be4 Ra8 60.Bxd5 exd5 61.a7  1-0

[Event "Wijk op"]
[Site "Wijk aan Zee"]
[Date "1993.??.??"]
[Round "1"]
[White "Tukmakov, Vladimir B"]
[Black "Cifuentes Parada, Roberto"]
[Result "1-0"]
[WhiteElo "2605"]
[BlackElo "2480"]

1.e4 e5 2.Nf3 d6 3.d4 Nf6 4.Nc3 Nbd7 5.Bc4 Be7 6.O-O O-O 7.a4 c6 8.Re1 a5
9.Ba2 exd4 10.Nxd4 Nc5 11.h3 Qb6 12.Nb3 Na6 13.Be3 Qd8 14.Nd4 Nb4 15.Bb3 d5
16.e5 Ne8 17.Nf3 f6 18.Ne2 fxe5 19.Nxe5 Bd6 20.f4 Nf6 21.c3 Na6 22.Bc2 Qc7
23.Bd4 c5 24.Bf2 Bxe5 25.fxe5 Qxe5 26.Ng3 Qg5 27.Qd3 Bd7 28.Re7 Rf7 29.Rae1 Rxe7
30.Rxe7 Re8 31.Rxe8+ Bxe8 32.Nf5 Bd7 33.Nd6 Bc6 34.Qe2 Bd7 35.Qe7 g6 36.Qf7+  1-0

[Event "Wijk op"]
[Site "Wijk aan Zee"]
[Date "1993.??.??"]
[Round "1"]
[White "Huzman, Alexander"]
[Black "Van der Werf, Mark"]
[Result "1-0"]
[WhiteElo "2510"]
[BlackElo "2395"]

1.d4 Nf6 2.Nf3 c5 3.d5 d6 4.Nc3 Qa5 5.Nd2 b5 6.e4 a6 7.Be2 g6 8.O-O Bg7 9.f4 Nbd7
10.Bf3 O-O 11.Qe2 b4 12.Nd1 Qb5 13.c4 bxc3 14.Nxc3 Qxe2 15.Bxe2 Nb6 16.Nc4 Nxc4
17.Bxc4 Rb8 18.Rb1 Ne8 19.Bd2 f5 20.b3 Bxc3 21.Bxc3 fxe4 22.Rbe1 Bf5 23.h3 h5
24.g4 hxg4 25.hxg4 Bxg4 26.Rxe4 Rf7 27.Bxa6 Ra8 28.Ra4 Nf6 29.Bxf6 exf6 30.Bb5 Rxa4
31.bxa4 Ra7 32.Re1 Kf7 33.Kf2 Bd7 34.Rb1 Ke7 35.Rh1 Rc7 36.Rh7+ Kd8 37.Rh8+ Ke7
38.Rh7+ Kd8 39.Rh8+ Ke7 40.Ke3  1-0

[Event "Wijk op"]
[Site "Wijk aan Zee"]
[Date "1993.??.??"]
[Round "1"]
[White "Har Zvi, Ronen"]
[Black "Kortschnoj, Viktor"]
[Result "1/2-1/2"]
[WhiteElo "2485"]
[BlackElo "2605"]

1.e4 e6 2.d4 d5 3.exd5 exd5 4.Nf3 Nc6 5.Bb5 Bd6 6.c4 dxc4 7.d5 a6 8.Ba4 b5
9.dxc6 bxa4 10.O-O Ne7 11.Qxa4 Rb8 12.a3 Be6 13.Nbd2 Bd5 14.Nxc4 Bxc6 15.Nxd6+ cxd6
16.Qg4 Qd7 17.Qxd7+ Kxd7 18.Nd4 Ba4 19.Rb1 Rb7 20.Bd2 Rhb8 21.b4 Rc7 22.Rbc1 Nd5
23.f3 Rbc8 24.Rxc7+ Nxc7 25.Rc1 Re8 26.Kf2 Re5 27.Ne2 Rd5 28.Be3 Nb5 29.Nf4 Rd1
30.Rxd1 Bxd1 31.Nh5 g6 32.Nf6+ Ke6 33.Nxh7 Nxa3 34.Ng5+ Ke7 35.h4 Nb5 36.g4 Bc2
37.h5 gxh5 38.gxh5 f6 39.Ne4 Kf7 40.Bf4 Kg7 41.Ke3 Bb1 42.Kf2 Bd3 43.Kg3 Bc2
44.Nxd6  1/2-1/2

[Event "Wijk op"]
[Site "Wijk aan Zee"]
[Date "1993.??.??"]
[Round "1"]
[White "Hansen, Lars Bo"]
[Black "Reinderman, Dimitri"]
[Result "1-0"]
[WhiteElo "2545"]
[BlackElo "2415"]

1.d4 f5 2.g3 Nf6 3.Bg2 e6 4.c4 c6 5.Nf3 d5 6.O-O Bd6 7.Bg5 O-O 8.Nc3 Nbd7
9.e3 dxc4 10.Nd2 Nb6 11.Qe2 h6 12.Bxf6 Qxf6 13.f4 Bd7 14.Nxc4 Nxc4 15.Qxc4 Rfc8
16.e4 Qf7 17.Qe2 Rab8 18.Kh1 Kh8 19.Rad1 b5 20.Nb1 c5 21.dxc5 Bxc5 22.Nd2 b4
23.Nc4 Bb5 24.b3 Rc7 25.Rfe1 Bxc4 26.bxc4 Re7 27.Qb2 Rbe8 28.Qe5 Bb6 29.c5 Bc7
30.Rd6 a5 31.Bf1 fxe4 32.Qxe4 Qf5 33.Qxf5 exf5 34.Rxe7 Rxe7 35.Ra6 Kh7 36.Bd3 g6
37.Kg2 Kg7 38.Kf3 h5 39.Bc4 Bd8 40.Bb3 Rc7 41.c6 Re7 42.Be6 Bc7 43.Bd7 Kh7
44.Ra7 Bb6 45.Rb7 Bd8 46.Bxf5 Rc7 47.Be4 Kg7 48.Rb8 Bf6 49.Ra8 Bc3 50.Rxa5 b3
51.Ra3 bxa2 52.Rxa2 h4 53.gxh4 Bf6 54.Rg2 Bxh4 55.Rxg6+ Kf7 56.Kg4 Bf6 57.Kf5 Bd4
58.h4 Ra7 59.Rd6 Bf2 60.h5 Ke7 61.Re6+ Kf7 62.Bd5 Kg7 63.Rg6+ Kh7 64.Rf6 Ra5
65.Ke6 Bb6 66.Be4+ Kg8 67.h6 Ra8 68.Rf7 Re8+ 69.Re7 Ra8 70.Bg6 Bd8 71.Re8+  1-0

[Event "Wijk op"]
[Site "Wijk aan Zee"]
[Date "1993.??.??"]
[Round "1"]
[White "Grooten, Herman"]
[Black "Winants, Luc"]
[Result "0-1"]
[WhiteElo "2410"]
[BlackElo "2520"]

1.d4 Nf6 2.c4 e6 3.Nf3 d5 4.Nc3 Bb4 5.cxd5 exd5 6.Bg5 Qd6 7.Nd2 c6 8.e3 Bf5
9.Be2 Nbd7 10.a3 Ba5 11.b4 Bd8 12.Bf4 Qe7 13.O-O O-O 14.Re1 Rc8 15.Bf3 Bc7
16.Bxc7 Rxc7 17.Rc1 Rfc8 18.Qa4 a6 19.Qa5 Nf8 20.Na4 Ne6 21.Nc5 Ng5 22.Be2 Nd7
23.Nxd7 Rxd7 24.a4 Rd6 25.b5 axb5 26.axb5 Rg6 27.bxc6 Nh3+ 28.Kf1 Rxg2  0-1

[Event "Wijk op"]
[Site "Wijk aan Zee"]
[Date "1993.??.??"]
[Round "1"]
[White "De Boer, Gert Jan"]
[Black "Van der Wiel, John TH"]
[Result "1/2-1/2"]
[WhiteElo "2430"]
[BlackElo "2555"]

1.Nf3 d6 2.d4 Nf6 3.c4 Nbd7 4.Nc3 c6 5.e4 e5 6.Be2 Be7 7.O-O O-O 8.Re1 Qc7
9.Bf1 a6 10.h3 b5 11.a3 Re8 12.Bg5 Bb7 13.Rc1 Qb8 14.b4 Nf8 15.d5 N8d7 16.a4 bxc4
17.Bxc4 cxd5 18.Nxd5 Nxd5 19.Bxd5 Bxd5 20.Qxd5 Bxg5 21.Nxg5 Rf8 22.Red1 Qxb4
23.Qxd6 Qxd6 24.Rxd6 Nf6 25.Rc4 Rfd8 26.Rxd8+ Rxd8 27.Rc7 h6 28.Nxf7 Rd1+
29.Kh2 Nxe4 30.f3 Nd2 31.Nxe5 Ra1 32.h4 Rxa4 33.Kh3 g5 34.hxg5 hxg5 35.Ng4  1/2-1/2

[Event "Wijk op"]
[Site "Wijk aan Zee"]
[Date "1993.??.??"]
[Round "2"]
[White "Van der Werf, Mark"]
[Black "Hansen, Lars Bo"]
[Result "0-1"]
[WhiteElo "2395"]
[BlackElo "2545"]

1.e4 e6 2.d4 d5 3.e5 c5 4.c3 Nc6 5.Nf3 Bd7 6.Be2 Nge7 7.Na3 cxd4 8.cxd4 Nf5
9.Nc2 Qb6 10.O-O Na5 11.g4 Ne7 12.Nfe1 Bb5 13.Nd3 h5 14.b4 Nac6 15.a4 Bc4
16.a5 Qc7 17.gxh5 Nf5 18.Be3 Bb3 19.Qb1 Bxc2 20.Qxc2 Qd8 21.Nc5 Bxc5 22.Qxc5 Rc8
23.Qb5 O-O 24.Rad1 Qe7 25.Kh1 Qh4 26.Bf3 Ncxd4 27.Bxd4 Nxd4 28.Qd3 Rc4 29.Rg1 Nf5
30.Qe2 Rfc8 31.Rg4 Rxg4 32.Bxg4 Nh6 33.Bf3 Qxb4 34.Rg1 Qf4 35.Qe3 Qxe3 36.fxe3 Rc3
37.Rb1 Rxe3 38.Kg2 Ra3 39.Rxb7 Ra2+ 40.Kg3 Rxa5 41.Bd1 Kf8 42.Bc2 Ra3+ 43.Kf4 a5
44.Ra7 Rh3 45.Bd1 Rh4+ 46.Kg3 Re4 47.Ra8+ Ke7 48.Ra7+ Kd8 49.Rxa5 Rxe5 50.Ra7 Re4
51.Kf3 Rc4  0-1

[Event "Wijk op"]
[Site "Wijk aan Zee"]
[Date "1993.??.??"]
[Round "2"]
[White "Van der Sterren, Paul"]
[Black "Wolff, Patrick G"]
[Result "1/2-1/2"]
[WhiteElo "2490"]
[BlackElo "2580"]

1.Nf3 d5 2.d4 c6 3.c4 e6 4.Qc2 Nf6 5.g3 dxc4 6.Qxc4 b5 7.Qb3 Bb7 8.Bg2 Nbd7
9.Bf4 Qa5+ 10.Bd2 Qb6 11.Nc3 a6 12.O-O c5 13.dxc5 Nxc5 14.Qc2 Rc8 15.Be3 Qc7
16.Rac1 Qb8 17.Ng5 Bxg2 18.Kxg2 h6 19.Bxc5 Rxc5 20.Nge4 Nxe4 21.Qxe4 Be7
22.Na4 Rc8 23.Rxc8+ Qxc8 24.Nb6 Qc5 25.Qb7 O-O 26.Rd1 Rd8 27.Rxd8+ Bxd8 28.Nd7 Qc4  1/2-1/2

[Event "Wijk op"]
[Site "Wijk aan Zee"]
[Date "1993.??.??"]
[Round "2"]
[White "Schmittdiel, Eckhard"]
[Black "Nijboer, Friso"]
[Result "1/2-1/2"]
[WhiteElo "2450"]
[BlackElo "2505"]

1.c4 g6 2.Nc3 Bg7 3.d4 Nf6 4.e4 d6 5.Be2 O-O 6.Bg5 Nbd7 7.Qd2 c6 8.f3 a6
9.a4 e5 10.d5 cxd5 11.cxd5 h6 12.Be3 Nh5 13.g3 Nc5 14.Ra3 f5 15.b4 Nd7 16.a5 b6
17.axb6 Nxb6 18.exf5 gxf5 19.Bxh6 f4 20.Bxg7 Kxg7 21.Bd3 Bb7 22.Ra5 Rc8 23.Nge2 Nc4
24.Bxc4 Rxc4 25.Ne4 Qb6 26.Ra4 Rfc8 27.N4c3 Qe3 28.Qxe3 fxe3 29.Nd1 Bxd5
30.Nxe3 Rc1+ 31.Nxc1 Rxc1+ 32.Nd1 Bb3 33.Kd2 Rc2+ 34.Kd3 Bxa4 35.Nc3 Rxc3+
36.Kxc3 Nf6 37.Kd2 Nd5 38.Re1 Bb5 39.Re4 Nf6 40.Rh4 d5 41.f4 Ne4+ 42.Ke3 Nd6
43.Rg4+ Kf6 44.fxe5+ Kxe5 45.Rg5+ Nf5+ 46.Kd2 Kf6 47.h4 d4 48.Rg4 Ke5 49.Rg5 Kf6
50.Rg4 Ke5  1/2-1/2

[Event "Wijk op"]
[Site "Wijk aan Zee"]
[Date "1993.??.??"]
[Round "2"]
[White "Winants, Luc"]
[Black "Tukmakov, Vladimir B"]
[Result "1/2-1/2"]
[WhiteElo "2520"]
[BlackElo "2605"]

1.e4 c5 2.Nf3 d6 3.d4 cxd4 4.Nxd4 Nf6 5.Nc3 Nc6 6.Bc4 e6 7.Bb3 a6 8.f4 Be7
9.O-O O-O 10.Be3 Nxd4 11.Bxd4 b5 12.e5 dxe5 13.fxe5 Nd7 14.Ne4 Bb7 15.Nd6 Bxd6
16.exd6 Qg5 17.Rf2 a5 18.a4 b4 19.Qe2 Ra6 20.Qb5 Qxb5 21.axb5 Rxd6 22.Be3 Ra8
23.Bf4 Rd4 24.Be3 Rd6 25.Bf4 Rd4 26.Be3  1/2-1/2

[Event "Wijk op"]
[Site "Wijk aan Zee"]
[Date "1993.??.??"]
[Round "3"]
[White "De Boer, Gert Jan"]
[Black "Van der Werf, Mark"]
[Result "1/2-1/2"]
[WhiteElo "2430"]
[BlackElo "2395"]

1.d4 d5 2.c4 c6 3.Nf3 Nf6 4.Nc3 dxc4 5.e3 b5 6.a4 b4 7.Nb1 Ba6 8.Be2 e6 9.O-O c5
10.Nbd2 c3 11.bxc3 bxc3 12.Nb1 Qa5 13.Ba3 Be7 14.Re1 O-O 15.Qc2 Bxe2 16.Rxe2 Nc6  1/2-1/2

[Event "Wijk op"]
[Site "Wijk aan Zee"]
[Date "1993.??.??"]
[Round "3"]
[White "Grooten, Herman"]
[Black "Reinderman, Dimitri"]
[Result "0-1"]
[WhiteElo "2410"]
[BlackElo "2415"]

1.d4 d6 2.c4 f5 3.Nf3 Nf6 4.g3 c6 5.Bg2 Qc7 6.O-O e5 7.c5 e4 8.cxd6 Bxd6
9.Nfd2 Be6 10.b3 b5 11.e3 O-O 12.Ba3 Nd5 13.Bxd6 Qxd6 14.a3 Nd7 15.Qc2 a5
16.Rc1 Rfc8 17.Nc3 g6 18.Nxd5 Bxd5 19.Bf1 Kf7 20.a4 b4 21.Bc4 Nb6 22.Qb2 Qe6
23.Rc2 g5 24.Rac1 f4 25.exf4 gxf4 26.Re1 e3 27.Nf3 Nxc4 28.Ng5+ Kf6 29.bxc4 Kxg5
30.fxe3 fxe3 31.cxd5 cxd5 32.Qb3 Rxc2 33.Qxc2 Kh6 34.Qc7 Rf8 35.Re2 Rf7 36.Qc2 Kg7
37.Qd3 Re7 38.Kg2 h5 39.h3 Qe4+ 40.Qxe4 Rxe4 41.Kf3 b3 42.g4 hxg4+ 43.hxg4 Kg6
44.g5 Re6 45.Re1 e2  0-1

[Event "Wijk op"]
[Site "Wijk aan Zee"]
[Date "1993.??.??"]
[Round "3"]
[White "Har Zvi, Ronen"]
[Black "Van der Wiel, John TH"]
[Result "0-1"]
[WhiteElo "2485"]
[BlackElo "2555"]

1.e4 c5 2.Nf3 d6 3.d4 cxd4 4.Nxd4 Nf6 5.Nc3 Nc6 6.Be3 Ng4 7.Bb5 Nxe3 8.fxe3 Bd7
9.O-O e6 10.Bxc6 bxc6 11.Qf3 Qf6 12.Qe2 Qg5 13.Nf3 Qh6 14.Rae1 Be7 15.Qa6 O-O
16.Qb7 Rfd8 17.e5 d5 18.Nd4 Qg5 19.Nf3 Qg6 20.Rf2 c5 21.Ref1 h6 22.Kh1 a5
23.b3 f5 24.exf6 Bxf6 25.Na4 Bxa4 26.bxa4 Qe4 27.Qc6 Qxe3 28.Ng1 Qe5 29.Qxc5 Qd6
30.Qe3 Rf8 31.Ne2 Qe5 32.Qb6 Bg5 33.Qb7 Qxe2  0-1

[Event "Wijk op"]
[Site "Wijk aan Zee"]
[Date "1993.??.??"]
[Round "3"]
[White "Leko, Peter"]
[Black "Kortschnoj, Viktor"]
[Result "1/2-1/2"]
[WhiteElo "2465"]
[BlackElo "2605"]

1.e4 c6 2.Nc3 d5 3.Nf3 Bg4 4.h3 Bxf3 5.Qxf3 Nf6 6.Be2 e6 7.d3 Qc7 8.O-O Nbd7
9.d4 dxe4 10.Nxe4 Nxe4 11.Qxe4 Nf6 12.Qf3 Rd8 13.c3 Bd6 14.Bg5 Qe7 15.Rfe1 h6
16.Bh4 Rg8 17.Bg3 Bxg3 18.Qxg3 Qd6 19.Qf3 Ke7 20.Bc4 Rge8 21.Bb3 Kf8 22.Rad1 Rd7
23.Re5 Qc7 24.Rde1 Rd6 25.Qg3 b6 26.R5e2 Rd7 27.Qf3 Red8 28.Re5 Rd6 29.Qf4 c5
30.dxc5 bxc5 31.R5e2 Qc6 32.Qc4 Nd7 33.Qf4 Nf6 34.Qc4 Nd7  1/2-1/2

[Event "Wijk op"]
[Site "Wijk aan Zee"]
[Date "1993.??.??"]
[Round "3"]
[White "Tukmakov, Vladimir B"]
[Black "Van der Sterren, Paul"]
[Result "1-0"]
[WhiteElo "2605"]
[BlackElo "2490"]

1.d4 Nf6 2.c4 e6 3.g3 d5 4.Nf3 dxc4 5.Bg2 c5 6.O-O Nc6 7.Ne5 Bd7 8.Na3 cxd4
9.Naxc4 Bc5 10.Bg5 O-O 11.Rc1 Rc8 12.Qb3 b6 13.Rfd1 h6 14.Bxf6 gxf6 15.Nxd7 Qxd7
16.Qf3 Kg7 17.Qg4+ Kh7 18.a3 f5 19.Qh5 Be7 20.e4 b5 21.exf5 bxc4 22.Be4 Kg7
23.Rxc4 exf5 24.Bxf5 Qd5 25.Rdc1 Rc7 26.Qg4+ Bg5 27.Be4 f5 28.Qxg5+  1-0

[Event "Wijk op"]
[Site "Wijk aan Zee"]
[Date "1993.??.??"]
[Round "4"]
[White "Lputian, Smbat G"]
[Black "Grooten, Herman"]
[Result "1-0"]
[WhiteElo "2610"]
[BlackElo "2410"]

1.d4 Nf6 2.c4 e6 3.Nc3 Bb4 4.Qc2 O-O 5.Nf3 b6 6.g3 Bb7 7.Bg2 Be4 8.Qb3 Bxc3+
9.Qxc3 d6 10.O-O Nbd7 11.Rd1 Qe7 12.b3 Bb7 13.Bb2 Ne4 14.Qc2 f5 15.d5 exd5
16.cxd5 Ndf6 17.Nd4 Nxf2 18.Nxf5 Qd7 19.Rf1 N2g4 20.Rac1 Rf7 21.Bh3 Qe8 22.e4 Bc8
23.Nxg7 Qe7 24.Ne6 Bxe6 25.dxe6 Rg7 26.Bxg4 Nxg4 27.Bxg7 Qxg7 28.Qd2 Ne5
29.e7 Re8 30.Rxc7 Qg4 31.Rf8+ Kg7 32.Rxe8 Nf3+ 33.Kf2 Nxd2 34.Rg8+  1-0

[Event "Wijk op"]
[Site "Wijk aan Zee"]
[Date "1993.??.??"]
[Round "4"]
[White "Kortschnoj, Viktor"]
[Black "Sokolov, Ivan"]
[Result "1-0"]
[WhiteElo "2605"]
[BlackElo "2640"]

1.c4 e5 2.Nc3 Bb4 3.Nd5 Bc5 4.e3 Nf6 5.d4 Nxd5 6.cxd5 exd4 7.exd4 Bb4+ 8.Bd2 Qe7+
9.Ne2 O-O 10.Bxb4 Qxb4+ 11.Qd2 Qe7 12.O-O-O c5 13.Qf4 Na6 14.d6 Qd8 15.Nc3 cxd4
16.Qxd4 Qa5 17.Bd3 Nc5 18.Bxh7+ Kxh7 19.Qh4+ Kg8 20.Nd5 g6 21.Qh6 Nb3+ 22.Kb1  1-0

[Event "Wijk op"]
[Site "Wijk aan Zee"]
[Date "1993.??.??"]
[Round "4"]
[White "Schmittdiel, Eckhard"]
[Black "De Boer, Gert Jan"]
[Result "1-0"]
[WhiteElo "2450"]
[BlackElo "2430"]

1.e4 c5 2.c3 d5 3.exd5 Qxd5 4.d4 Nf6 5.Nf3 e6 6.Na3 Qd8 7.Bg5 Nc6 8.Nc2 Be7
9.dxc5 Bxc5 10.Qxd8+ Kxd8 11.b4 Bd6 12.Rd1 Ke7 13.Be2 Bd7 14.O-O Rac8 15.Rd3 Ne5
16.Nxe5 Bxe5 17.c4 Rhd8 18.Ra3 Bb8 19.Be3 b6 20.Rc1 Bc6 21.Nd4 Nd7 22.b5 Bb7
23.Bf3 Bxf3 24.gxf3 Ne5 25.f4 Rxc4 26.Nc6+ Nxc6 27.Rxc4 Na5 28.Rd4 Rxd4 29.Bxd4 f6
30.Bc3 Nc4 31.Bb4+ Kd7 32.Rd3+ Ke8 33.Rc3 Nd6 34.Bxd6 Bxd6 35.Rc8+ Kd7 36.Rg8 Bxf4
37.Rxg7+ Kd6 38.Rxh7 Kc5 39.a4  1-0

[Event "Wijk op"]
[Site "Wijk aan Zee"]
[Date "1993.??.??"]
[Round "4"]
[White "Reinderman, Dimitri"]
[Black "Har Zvi, Ronen"]
[Result "1/2-1/2"]
[WhiteElo "2415"]
[BlackElo "2485"]

1.e4 c5 2.Nc3 d6 3.f4 g6 4.Nf3 Bg7 5.Bc4 e6 6.d4 cxd4 7.Nxd4 Ne7 8.Ndb5 d5
9.exd5 a6 10.Nd4 b5 11.Bb3 b4 12.Nce2 Nxd5 13.O-O Bb7 14.f5 exf5 15.Nxf5 gxf5
16.Rxf5 Qb6+ 17.Kh1 Nf6 18.Re5+ Kf8 19.Be3 Bxg2+ 20.Kxg2 Qc6+ 21.Bd5 Nxd5
22.Rxd5 Nd7 23.Kg1 Re8 24.Rxd7 Rxe3 25.Ng3 Bxb2 26.Rb1 Bc3 27.Kf2 Re8 28.Qd3 Rg8
29.Rf1 Rg6 30.Kg1 Rf6 31.Rxf6 Qxf6 32.Rd6 Qg5 33.Rxa6 h5 34.Qf5 Qd2 35.Nf1 Qd4+
36.Kh1 Qg4 37.Qxg4 hxg4 38.a3 Re1 39.Kg2 Re2+ 40.Kg3 f5 41.axb4 Be1+ 42.Kf4 Rf2+
43.Kg5 Rxf1 44.Rf6+ Ke7 45.Rxf5 Rg1 46.Re5+ Kd6 47.Re4 g3 48.hxg3 Rxg3+ 49.Kf4 Rg1
50.Ke3 Bc3 51.Rc4 Be5 52.c3 Rd1 53.Ke2 Rh1 54.Kd3 Rh2 55.Rc5 Bg3 56.Kc4  1/2-1/2

[Event "Wijk op"]
[Site "Wijk aan Zee"]
[Date "1993.??.??"]
[Round "4"]
[White "Cifuentes Parada, Roberto"]
[Black "Rotstein, Arkadij"]
[Result "0-1"]
[WhiteElo "2480"]
[BlackElo "2465"]

1.d4 Nf6 2.Nf3 e6 3.Bg5 c5 4.e3 Be7 5.dxc5 Qa5+ 6.Nbd2 Qxc5 7.c4 b6 8.Bd3 Bb7
9.O-O Qc7 10.Rc1 d6 11.Nd4 Nbd7 12.b4 O-O 13.Nb5 Qc6 14.e4 Ne5 15.Bb1 Qd7
16.Qe2 Nc6 17.a3 a5 18.bxa5 Nxa5 19.Qd3 Rfd8 20.Rfd1 g6 21.Qd4 e5 22.Qb2 Nxe4
23.Nxe4 Bxg5 24.Nxg5 Qg4 25.f4 Nxc4 26.Qf2 Ne3 27.h3 Nxd1 28.hxg4 Nxf2 29.Kxf2 Ra5
30.a4 Rxa4 31.fxe5 dxe5 32.Rc7 Rf4+ 33.Kg3 Ba6 34.Nc3 Rc8 35.Rxc8+ Bxc8 36.Nf3 Rxg4+
37.Kf2 Bb7 38.Ba2 Bxf3 39.gxf3 Rd4 40.Ke3 Kg7 41.Ne4 f5 42.Ng5 Ra4  0-1

[Event "Wijk op"]
[Site "Wijk aan Zee"]
[Date "1993.??.??"]
[Round "4"]
[White "Tukmakov, Vladimir B"]
[Black "Hansen, Lars Bo"]
[Result "1/2-1/2"]
[WhiteElo "2605"]
[BlackElo "2545"]

1.d4 d5 2.c4 c6 3.Nf3 Nf6 4.Nc3 dxc4 5.a4 Bf5 6.Ne5 e6 7.g3 Bb4 8.Bg2 Be4
9.f3 Bg6 10.e4 c5 11.Be3 cxd4 12.Qxd4 Qxd4 13.Bxd4 Nc6 14.Nxc6 bxc6 15.O-O-O O-O-O
16.Bxa7 Nd7 17.Bd4 e5 18.Be3 Nc5 19.Rxd8+  1/2-1/2

[Event "Wijk op"]
[Site "Wijk aan Zee"]
[Date "1993.??.??"]
[Round "4"]
[White "Van der Wiel, John TH"]
[Black "Nijboer, Friso"]
[Result "1-0"]
[WhiteElo "2555"]
[BlackElo "2505"]

1.e4 d6 2.d4 Nf6 3.Nc3 g6 4.f4 Bg7 5.Nf3 c5 6.dxc5 Qa5 7.Bd3 Qxc5 8.Qe2 Nc6
9.Be3 Qa5 10.O-O Bg4 11.Qe1 O-O 12.Kh1 Nb4 13.Nd4 Nxd3 14.cxd3 Bd7 15.h3 e6
16.Qf2 Ne8 17.Nb3 Qd8 18.Bxa7 f5 19.Bd4 fxe4 20.dxe4 b5 21.Bxg7 Nxg7 22.Qd2 Qc7
23.Nd4 Qb6 24.Rf3 b4 25.Nce2 Qb7 26.Ng3 e5 27.Nde2 exf4 28.Nxf4 Bc6 29.Qd4 Rae8
30.Qc4+ Kh8 31.Raf1 Bb5 32.Nxg6+ hxg6 33.Rxf8+ Kh7 34.Qg8+ Kh6 35.Qh8+ Kg5
36.R1f4 Rxf8 37.Qh4+  1-0

[Event "Wijk op"]
[Site "Wijk aan Zee"]
[Date "1993.??.??"]
[Round "4"]
[White "Gurevich, Mikhail"]
[Black "Van der Sterren, Paul"]
[Result "1/2-1/2"]
[WhiteElo "2610"]
[BlackElo "2490"]

1.d4 Nf6 2.c4 e6 3.Nc3 d5 4.Bg5 Be7 5.e3 O-O 6.Nf3 h6 7.Bh4 b6 8.Be2 Bb7
9.Bxf6 Bxf6 10.cxd5 exd5 11.b4 c6 12.O-O Re8 13.Qb3 a5 14.bxa5 Rxa5 15.a4 Nd7
16.Rfe1 Ba6 17.Bxa6 Rxa6 18.Rad1 Ra5 19.e4 dxe4 20.Nxe4 Re6 21.Re3 Rd5 22.Nxf6+ Qxf6
23.Rxe6 Qxe6 24.Re1 Re5 25.Qxe6 Rxe6 26.Ra1  1/2-1/2

[Event "Wijk op"]
[Site "Wijk aan Zee"]
[Date "1993.??.??"]
[Round "5"]
[White "Leko, Peter"]
[Black "Gurevich, Mikhail"]
[Result "0-1"]
[WhiteElo "2465"]
[BlackElo "2610"]

1.e4 g6 2.d4 d6 3.Nc3 Bg7 4.Bg5 c6 5.Qd2 b5 6.f4 Nf6 7.Bd3 Nbd7 8.Nf3 O-O
9.e5 b4 10.Nd1 Nd5 11.exd6 f6 12.Bh4 exd6 13.O-O Bh6 14.Bg3 N7b6 15.a3 a5
16.axb4 Nxb4 17.Be2 Re8 18.c3 N4d5 19.Bd3 c5 20.dxc5 dxc5 21.Nf2 Qc7 22.Rfe1 Rd8
23.Qc2 Bxf4 24.Bxf4 Nxf4 25.Be4 Bb7 26.g3 Nh5 27.Bxb7 Qxb7 28.Qe4 Qc7 29.Qe6+ Kf8
30.g4 Re8 31.Qb3 Nf4 32.Rxe8+ Rxe8 33.Rxa5 Qc6 34.Ra7 Nd7 35.Qb7 Qxf3  0-1

[Event "Wijk op"]
[Site "Wijk aan Zee"]
[Date "1993.??.??"]
[Round "5"]
[White "Nijboer, Friso"]
[Black "Christiansen, Larry Mark"]
[Result "1/2-1/2"]
[WhiteElo "2505"]
[BlackElo "2620"]

1.e4 c6 2.c4 d5 3.exd5 Nf6 4.Nc3 cxd5 5.cxd5 Nxd5 6.Nf3 e6 7.d4 Bb4 8.Qc2 Nc6
9.Bd3 Ba5 10.a3 Bb6 11.O-O Bxd4 12.Nxd5 exd5 13.Bb5 Bf6 14.Bxc6+ bxc6 15.Qxc6+ Bd7
16.Re1+ Kf8 17.Qd6+ Kg8 18.Qxd5 Be6 19.Qxd8+ Bxd8 20.Bg5 h6 21.Bxd8 Rxd8
22.Re5 Kh7 23.Ra5 Rd7 24.b4 Rc8 25.Rc5 Rcd8 26.h3 f6 27.Rac1 Rd3 28.R1c3 Rxc3
29.Rxc3 Rd1+ 30.Kh2 Bd5 31.Rc5 a6 32.Nh4 Be4 33.f3 Bb1 34.Nf5 Rd2 35.Ng3 Ra2
36.Rc7 Kg6 37.h4 Rxa3 38.f4 f5 39.Rc6+ Kh7 40.Nh5 Be4 41.Rc7 Kg6 42.Nxg7 Ra2
43.Ne8 h5 44.Rg7+ Kh6 45.Rg5 Rb2 46.Nf6 Rxb4 47.Ng8+ Kh7 48.Nf6+ Kh6 49.Nxh5 Bc2
50.Kg3 Rb6 51.Kf2 a5 52.Ng3 a4 53.Nxf5+ Bxf5 54.Rxf5 Ra6 55.Re5 a3 56.Re1 a2
57.Ra1 Kh5 58.Kf3 Ra3+ 59.Ke4 Kxh4 60.Kd4 Kg4  1/2-1/2

[Event "Wijk op"]
[Site "Wijk aan Zee"]
[Date "1993.??.??"]
[Round "5"]
[White "Har Zvi, Ronen"]
[Black "Schwartzman, Gabriel"]
[Result "1/2-1/2"]
[WhiteElo "2485"]
[BlackElo "2455"]

1.e4 e6 2.d4 d5 3.exd5 exd5 4.Nf3 Nf6 5.Bd3 Be7 6.O-O Bg4 7.h3 Bh5 8.Re1 O-O
9.Nbd2 Nbd7 10.Nf1 Bg6 11.Ng3 Re8 12.Nf5 Bf8 13.Rxe8 Qxe8 14.N3h4 Qe6 15.c3 Re8
16.Nxg6  1/2-1/2

[Event "Wijk op"]
[Site "Wijk aan Zee"]
[Date "1993.??.??"]
[Round "5"]
[White "Piket, Jeroen"]
[Black "Schmittdiel, Eckhard"]
[Result "1-0"]
[WhiteElo "2590"]
[BlackElo "2450"]

1.d4 e6 2.c4 Nf6 3.Nf3 Bb4+ 4.Bd2 c5 5.Bxb4 cxb4 6.e3 d6 7.Be2 O-O 8.O-O b6
9.Nbd2 Bb7 10.Ne1 e5 11.Nd3 exd4 12.exd4 a5 13.a3 bxa3 14.bxa3 Nc6 15.Nf3 Re8
16.Re1 Rb8 17.Rc1 Re4 18.Bf1 Ne7 19.d5 Nf5 20.Qd2 Nd4 21.Nxd4 Rxd4 22.Qb2 Re4
23.Rxe4 Nxe4 24.Re1 Nf6 25.Nc1 Ba6 26.Nb3 b5 27.Qd2 bxc4 28.Nxa5 Ra8 29.Nc6 Qd7
30.Qd4 Bb7 31.Re7 Qc8 32.Bxc4 Kf8 33.Qe3 Ng8 34.h3 Nxe7 35.Qxe7+ Kg8 36.Qxd6 Bxc6
37.dxc6 Qd8 38.Qe5 Qf6 39.Qc7 Re8 40.a4 Qe7 41.Qf4 Rc8 42.a5 Qe1+ 43.Kh2 Qxa5
44.Qxf7+ Kh8 45.Bd5 Qd8 46.Qe6 Qc7+ 47.g3 Rf8 48.Kg2 Qb6 49.Bf3 Qc5 50.h4 g6
51.Qd7 Qc3 52.Qd5 Rf5 53.Qd8+ Kg7 54.Be4 Rf7 55.Qd5 Qb2 56.Qc5 Qe2 57.Qd4+ Kh6
58.Bd5 Rf8 59.c7  1-0

[Event "Wijk op"]
[Site "Wijk aan Zee"]
[Date "1993.??.??"]
[Round "5"]
[White "Van Wely, Loek"]
[Black "Rotstein, Arkadij"]
[Result "1/2-1/2"]
[WhiteElo "2560"]
[BlackElo "2465"]

1.d4 Nf6 2.c4 e6 3.Nf3 d5 4.Nc3 Bb4 5.Bg5 h6 6.Bxf6 Qxf6 7.e3 O-O 8.cxd5 exd5
9.Qb3 Qd6 10.Bd3 c6 11.O-O Nd7 12.e4 Bxc3 13.bxc3 dxe4 14.Bxe4 Nf6 15.Bd3 b6
16.a4 c5 17.Bc4 cxd4 18.cxd4 Bb7 19.Ne5 Bd5 20.a5  1/2-1/2

[Event "Wijk op"]
[Site "Wijk aan Zee"]
[Date "1993.??.??"]
[Round "5"]
[White "Van der Werf, Mark"]
[Black "Hansen, Curt"]
[Result "0-1"]
[WhiteElo "2395"]
[BlackElo "2610"]

1.e4 d6 2.d4 Nf6 3.Nc3 g6 4.Nf3 Bg7 5.Be2 O-O 6.O-O c6 7.a4 Qc7 8.h3 Nbd7
9.Be3 b6 10.Nd2 e5 11.f4 Ng4 12.hxg4 exd4 13.Nc4 dxc3 14.bxc3 d5 15.exd5 cxd5
16.Qxd5 Ba6 17.Bd3 Nf6 18.Qd6 Qxd6 19.Nxd6 Bxd3 20.cxd3 Nxg4 21.Bd4 Bxd4+
22.cxd4 Rfd8 23.Ne4 Rxd4 24.f5 Rxd3 25.Rf4 h5 26.Raf1 Rad8 27.fxg6 fxg6 28.Nf2 Nxf2
29.R1xf2 R8d7 30.Ra2 R3d4 31.Rff2 Kg7 32.Rfc2 a5 33.Rcb2 R7d6 34.Rb3 Re6
35.Kh2 Kf7 36.Rf3+ Ke7 37.Rb3 Kd7 38.Rc3 Red6 39.Rb3 Rc6 40.Ra1 Kc7 41.Ra2 Kb7
42.Re3 Rcc4 43.Rea3 Rh4+ 44.Kg3 Rcf4 45.Ra1 g5 46.R3a2 Ka6 47.Ra3 Rhg4+ 48.Kh3 Rf2
49.Rg1 Rb2 50.Kh2 Rh4+ 51.Kg3 Rhb4 52.Kh2 R2b3  0-1

[Event "Wijk op"]
[Site "Wijk aan Zee"]
[Date "1993.??.??"]
[Round "5"]
[White "Azmaiparashvili, Zurab"]
[Black "Wolff, Patrick G"]
[Result "1-0"]
[WhiteElo "2655"]
[BlackElo "2580"]

1.Nf3 c5 2.c4 Nc6 3.Nc3 Nf6 4.d4 cxd4 5.Nxd4 e6 6.Ndb5 d5 7.Bf4 e5 8.cxd5 exf4
9.dxc6 bxc6 10.Qxd8+ Kxd8 11.Nd4 Bd7 12.g3 Rb8 13.O-O-O Kc7 14.gxf4 Ng4 15.Rd2 Nxf2
16.Rg1 g6 17.Bg2 Ng4 18.Bxc6 Bxc6 19.Rxg4 Bd6 20.Rc2 f5 21.Ncb5+ Rxb5 22.Nxb5+ Kb6
23.Nxd6 fxg4 24.Nc4+ Kb5 25.Ne5 Be4 26.Rc4 Bd5 27.a4+ Kb6 28.Rb4+ Kc5 29.Rb5+ Kd6
30.Nxg4 Rf8 31.Ne3 Bc6 32.Rb4 g5 33.Rd4+ Kc5 34.Rc4+ Kd6 35.fxg5 Rf2 36.h4 Rxe2
37.Nf5+ Kd5 38.Rxc6  1-0